00467nam a22001577a 4500003000400000005001700004008004100021020001800062040000800080082001500088100001900103245011000122250001100232260003000243650003600273OSt20250526102430.0250516b |||||||| |||| 00| 0 eng d a9780702082665 cddc a616.075 R3 aGlynn, Michael aHutchison's Clinical MethodsbAn Integrated Approach to Clinical PracticecMichael Glynn; William M Drake a125th. aNew DelhibElsevierc2023 vPhysiotherapyxClinical Methods